Wird geladen...

Effectiveness of public distribution system a case studty on nagaroor gramapanchayat in trivandrum district

Bibliographische Detailangaben
1. Verfasser: Rohini V.J
Weitere Verfasser: Dr. K. A. Sunanda
Format: Ph.D Thesis
LEADER 00414nam a22001217a 4500
003 OSt
082 |a P-991 
100 |a Rohini V.J 
245 |a Effectiveness of public distribution system a case studty on nagaroor gramapanchayat in trivandrum district 
700 |a Dr. K. A. Sunanda 
942 |2 ddc  |c TH 
999 |c 177753  |d 177753 
952 |0 0  |1 0  |2 ddc  |4 0  |6 P_991  |7 0  |9 182693  |a KAUCBV  |b KAUCBV  |d 2018-04-20  |o P-991  |r 2018-04-20  |w 2018-04-20  |y TH